Normal view
MARC view
Entry Corporate Name
001 - CONTROL NUMBER
- control field: 161946
003 - CONTROL NUMBER IDENTIFIER
- control field: OSt
005 - DATE AND TIME OF LATEST TRANSACTION
- control field: 20220923212037.0
008 - FIXED-LENGTH DATA ELEMENTS
- fixed length control field: 220923|| aca||aabn | a|a d
040 ## - CATALOGING SOURCE
- Original cataloging agency: OSt
- Transcribing agency: OSt
110 ## - HEADING--CORPORATE NAME
- Corporate name or jurisdiction name as entry element: वैज्ञानिक तथा तकनीकि शब्दावली आयोग
670 ## - SOURCE DATA FOUND
- Source citation: Work cat.: (OSt)305898: वैज्ञानिक तथा तकनीकि शब्दावली आयोग, त्रैमासिक शब्दावली पत्रिका, 1969
